Central Library OPAC University of Rajshahi

বাংলাদেশের ব্যবহারিক বাংলা অভিধান : (Record no. 44643)

MARC details
000 -LEADER
fixed length control field 01011nam a2200229 a 4500
001 - CONTROL NUMBER
control field 44643
003 - CONTROL NUMBER IDENTIFIER
rucl marc code BD-RjUL
005 - DATE AND TIME OF LATEST TRANSACTION
control field 20211209053908.0
008 - FIXED-LENGTH DATA ELEMENTS--GENERAL INFORMATION
fixed length control field 160718s1974 bg ||||| |||| 00| 0 ben d
020 ## - INTERNATIONAL STANDARD BOOK NUMBER
Terms of availability : Tk.10.00
035 ## - SYSTEM CONTROL NUMBER
System control number (BD-RjUL)44761
040 ## - CATALOGING SOURCE
Original cataloging agency BD-RjUL
Language of cataloging ben
Transcribing agency BD-RjUL
Modifying agency BD-RjUL
041 ## - LANGUAGE CODE
Language code of text/sound track or separate title ben
082 ## - DEWEY DECIMAL CLASSIFICATION NUMBER
Edition number 23
Classification number 491.4403
Author mark and year BAN 1974
245 01 - TITLE STATEMENT
Title বাংলাদেশের ব্যবহারিক বাংলা অভিধান :
Remainder of title স্বরবর্ণ অংশ [অ-ঔ] /
Statement of responsibility, etc. প্রধান সম্পাদক, মুহম্মদ এনামুল হক
260 ## - PUBLICATION, DISTRIBUTION, ETC. (IMPRINT)
Place of publication, distribution, etc. ঢাকা :
Name of publisher, distributor, etc. বাংলা একাডেমী,
Date of publication, distribution, etc. ১৯৭৪
300 ## - PHYSICAL DESCRIPTION
Pagination [১৪], ১৮০ পৃ. ;
Size ২৫ সেমি.
650 ## - SUBJECT ADDED ENTRY--TOPICAL TERM
Topical term or geographic name as entry element বাংলা ভাষা
Form subdivision অভিধান
9 (RLIN) 136944
Topical term or geographic name as entry element Bengali language
Form subdivision Dictionaries
9 (RLIN) 136945
700 ## - ADDED ENTRY--PERSONAL NAME
Personal name হক, মুহম্মদ এনামুল প্রধান সম্পাদক
942 ## - ADDED ENTRY ELEMENTS (KOHA)
Source of classification or shelving scheme Dewey Decimal Classification
Koha item type Reference
Holdings
Lost status Source of classification or shelving scheme Damaged status Not for loan Collection code Permanent Location Current Location Shelving location Date acquired Source of acquisition Cost, normal purchase price Total Checkouts Full call number Date last seen Copy number Koha item type
  Dewey Decimal Classification   Not For Loan Reference Central Library, University of Rajshahi Central Library, University of Rajshahi   28/06/1978 Youreka book agency,Dhaka. 10.00   BR 491.4403 BAN 1974 18/07/2016 C-1 Reference